Inverted countries on the world map - Statistics

General Stats
  • This quiz has been taken 120 times
    119 since last reset
  • The average score is 12 of 15
Answers on the Map
Answers color-coded by a green-red scale on the quiz's map according to % correct below.
 
Answer Stats
Countries % Correct
Australia
99%
Japan
94%
Mongolia
92%
Madagascar
89%
Belgium
87%
Cuba
86%
New Zealand
86%
Sweden
86%
Philippines
82%
South Korea
82%
Iceland
80%
Lithuania
77%
Togo
72%
Sri Lanka
63%
Djibouti
47%
No matching quizzes found
Score Distribution
Percent of People with Each Score
Percentile by Number Answered
Your Score History
You have not taken this quiz since the last reset